000 00824nam a2200241Ia 4500
003 GCL
008 140319s9999 xx 000 0 ara d
020 _a0734844092
040 _aGCL /
_cGCL
082 0 4 _a747.7
_bك م
100 1 _aمركز التعريب والبرمجة
245 1 0 _aملف تجديد المنزل طلاء المنازل و تثبيت ورق الجدران /
_cمركز التعريب والبرمجة
700 1 _aكاسل . جوليان
250 _aالاولى
260 _aبيروت :
_bالدار العربية للعلوم ،
_c2000
300 _a111 ص ؛
_c24سم
490 _aملف تجديد المنزل
_v0
650 0 4 _aالطلاء
650 0 4 _aالطلاء - تحليل
650 0 4 _aورق الحائط
650 0 4 _aالمساكن - طلاء
942 _2ddc
_cBK
999 _c56273
_d56273